| 000 | 02858cam a22005294i 4500 | ||
|---|---|---|---|
| 003 | PE-LiUPU | ||
| 005 | 20250731173347.0 | ||
| 008 | 150706s2007 sp rb 000 0 spa d | ||
| 020 | _a9788481697438 | ||
| 035 | _a(Sirsi) i9788481697438 | ||
| 040 |
_aPE-LiUPU _bspa _cPE-LiUPU _erda |
||
| 049 | _aPRUA | ||
| 082 | 0 | 4 |
_a220.6 _bH94 _221 |
| 100 | 1 |
_aHuning, Ralf, _eautor. |
|
| 245 | 1 | 0 |
_aAprendiendo de Carlos Mesters : _bhacia una teoría de lectura bíblica / _cRalf Huning, SVD ; [traducción, Alberto Capbosq, SDB]. |
| 264 | 1 |
_aEstella, Navarra : _bVerbo Divino, _c2007. |
|
| 300 |
_a551 páginas ; _c22 centímetros. |
||
| 336 |
_atext _2rdacontent |
||
| 337 |
_aunmediated _2rdamedia |
||
| 338 |
_avolume _2rdacarrier |
||
| 490 | 0 |
_aEvangelio y cultura ; _v4 |
|
| 504 | _aIncluye Bibliografía. | ||
| 505 | 0 | _aEsclarecimiento de los intereses cognitivos -- Contribución de las ciencias bíblicas a la lectura de la biblia en la Iglesia católica -- Reflexiones previas sobre teoría de la ciencia -- La necesidad de una ética de la ciencia para biblistas -- Rasgos de la teoría de la Biblia en la Iglesia católica -- Elementos para una teoría de la lectura Bíblica a partir de la obra de Carlos Mesters -- Introducción: ciencia bíblica al servicio de la lectura de la Biblia en las comunicaciones de base latinoamericanas -- Los fundamentos de la teoría de la lectura de la Biblia de Carlos Mesters. Perfil de una teoría de la lectura de la Biblia en la obra de Carlos Mesters -- Consecuencia para la metodología de la lectura de la Biblia -- Elementos de una ética de la lectura de la Biblia -- Apreciación Crítica -- Perspectivas para continuar el desarrollo de la metodología y hermenéutica de una ciencia bíblica al servicio de la lectura popular de la Biblia. | |
| 526 | _aSEG42 | ||
| 526 | _aSEG41 | ||
| 526 | _aSEG40 | ||
| 526 | _aSEG39 | ||
| 526 | _aP94 | ||
| 526 | _aP87 | ||
| 526 | _aP86 | ||
| 526 | _aP85 | ||
| 526 | _aP77 | ||
| 526 | _aP76 | ||
| 526 | _aP35 | ||
| 541 | _g007-0020481; | ||
| 600 | 1 | _aMesters, Carlos. | |
| 650 | 1 | 4 | _aHermenéutica bíblica. |
| 630 | 0 | 4 |
_aBiblia. _xEstudio y enseñanza _xIglesia Católica. |
| 630 | 0 | 4 |
_aBiblia. _xEstudio y enseñanza. |
| 650 | 2 | 4 |
_aHermenéutica _xAspectos religiosos _xIglesia Católica. |
| 910 |
_agl _bjv _cng _d20091223 |
||
| 942 |
_2ddc _cBOOK |
||
| 949 |
_a220.6 H94 _wDEWEY _c1 _i60893 _d2015-9-13 _e2015-9-13 _lCCODEBUL1 _mBUL _n6 _p27.00 _r0 _sY _tBOOK _u2015-7-6 _xTEOLOGIA _zUNKNOWN _0COMPRA _o.STAFF. Colección General |
||
| 994 |
_aC0 _bPEPRU |
||
| 596 | _a1 | ||
| 999 |
_a220.6 H94 _wDEWEY _c50252 _i60893 _d50252 _e2018-4-18 _f2021-11-9 _g5 _lCCODEBUL1 _mBUL _n8 _p27.00 _q1 _r0 _sY _tBOOK _u2015-7-6 _xTEOLOGIA _PP35 _0COMPRA _o.STAFF. Colección Teología |
||
| 980 |
_81 _gALBERTO SANCHEZ Responsable de Automatización |
||